Vyākaraṇa-pradīpaḥ. (Record no. 81370)

MARC details
000 -LEADER
fixed length control field 00786cam a22002531 4500
001 - CONTROL NUMBER
control field sa 68006542
003 - CONTROL NUMBER IDENTIFIER
control field DLC
005 - DATE AND TIME OF LATEST TRANSACTION
control field 20260227112517.0
008 - FIXED-LENGTH DATA ELEMENTS--GENERAL INFORMATION
fixed length control field 890801s1966 ii 000 0 hino
010 ## - LIBRARY OF CONGRESS CONTROL NUMBER
LC control number sa 68006542
035 ## - SYSTEM CONTROL NUMBER
System control number (OCoLC)20110074
040 ## - CATALOGING SOURCE
Original cataloging agency DLC
Transcribing agency WaU
Modifying agency DLC
042 ## - AUTHENTICATION CODE
Authentication code premarc
050 00 - LIBRARY OF CONGRESS CALL NUMBER
Classification number PK575
Item number .S5
100 1# - MAIN ENTRY--PERSONAL NAME
Personal name Sircar, M. K.
245 10 - TITLE STATEMENT
Title Vyākaraṇa-pradīpaḥ.
Remainder of title Sanskrit-grammar and composition made easy.
Statement of responsibility, etc. By M.K. Sircar & Sant Gokal Chandra.
260 ## - PUBLICATION, DISTRIBUTION, ETC.
Date of publication, distribution, etc. 1966.
300 ## - PHYSICAL DESCRIPTION
Extent 15, 608 p.
Dimensions 19 cm.
500 ## - GENERAL NOTE
General note In Hindi; pref. in English.
650 #0 - SUBJECT ADDED ENTRY--TOPICAL TERM
Topical term or geographic name entry element Sanskrit language
General subdivision Grammar.
650 #0 - SUBJECT ADDED ENTRY--TOPICAL TERM
Topical term or geographic name entry element Sanskrit language
General subdivision Composition and exercises.
700 1# - ADDED ENTRY--PERSONAL NAME
Personal name Sant, Gokal Chandra,
Dates associated with a name 1886-
740 0# - ADDED ENTRY--UNCONTROLLED RELATED/ANALYTICAL TITLE
Uncontrolled related/analytical title Sanskrit-grammar and composition made easy.

No items available.

Powered by Koha